Los grandes: diálogos con hombres de fútbol
Gorde:
| Egile nagusia: | |
|---|---|
| Formatua: | Liburua |
| Hizkuntza: | gaztelania |
| Argitaratua: |
Santiago
Ediciones B
2012
|
| Edizioa: | 1a. ed |
| Gaiak: | |
| Etiketak: |
Etiketa erantsi
Etiketarik gabe, Izan zaitez lehena erregistro honi etiketa jartzen!
|
MARC
| LEADER | 00000cam a2200000 a 4500 | ||
|---|---|---|---|
| 001 | UCF2665 | ||
| 003 | CL-VaPUC | ||
| 008 | 120830e20120600CL |||||||||||||||||spa|d | ||
| 020 | |a 9789563041187 | ||
| 082 | 0 | 4 | |a 070 |b DIA |2 21 |
| 100 | 0 | |a Díaz Núñez, Danilo |e author |9 564394 | |
| 245 | 1 | 4 | |a Los grandes: diálogos con hombres de fútbol |
| 250 | |a 1a. ed | ||
| 300 | |a 199 p | ||
| 942 | |c BK | ||
| 945 | |d 20120830 00:00:00 |a dcastane | ||
| 260 | |a Santiago |b Ediciones B |c 2012 | ||
| 650 | 0 | |a Periodismo |9 310113 | |
| 650 | 0 | |a Periodismo deportivo |9 501846 | |
| 650 | 7 | |a ENTREVISTA PERIODISTICA |2 CL-VaPUC |9 406380 | |
| 650 | 0 | |a Fútbol |9 307513 | |
| 650 | 7 | |a FUTBOLISTAS |2 CL-VaPUC |9 458183 | |
| 583 | |a last modification |c 20120830 10:25:00 |k Rodrigo Vera | ||
| 999 | |c 349205 |d 349203 | ||
| 952 | |0 0 |1 0 |4 0 |6 070_000000000000000_DIA_2012 |7 0 |8 A |9 451708 |a BIBING |b BIBING |d 2019-11-22 |i 4894995 |o 070 DIA 2012 |p 4894995 |r 2025-01-20 |w 2019-11-22 |y BK |k CUI | ||